000 00694nam a2200205 i 4500
001 141525
003 ES-MaACL
005 20230906200319.0
007 t|
008 070925s1961 sp ||||1| spa d
080 _a658.8(04)
080 _a380.13
100 1 _aVillegas Muñecas, Eduardo.
_9115225
245 1 3 _aLa conquista de mercados
_b: métodos modernos para el estudio e investigación de mercados : promoción y expansión de ventas /
_cEduardo Villegas Muñecas.
260 _a[Zaragoza :
_bs.n.,
_c1961] (
_fImp. Heraldo de Aragón)
300 _a115 p. ;
_c18 cm.
650 1 4 _aAnálisis de mercado.
_99762
650 1 4 _aVenta.
_917760
852 _aES-MaACL
_jC-19806
_bR.47117
999 _c141525
_d141525